000 00639nam a2200241Ia 4500
003 OSt
005 20221007102241.0
006 a|||||r|||| 00| 0
007 ta
008 221006b |||||||| |||| 00| 0 eng d
024 _a9,824
037 _cTextual
040 _aLCO
_cLCO
_beng
041 _2eng
_aeng
082 _aZ2,91, P5
100 _aSetalvad A. M. Au.
_9683854
245 0 _aIntroduction to Law
260 _aNew
_bDelhi Lexis Nexis Butterworths India
_c2005
300 _a585
650 _aINTRODUCTION TO LAW
_9704365
942 _hZ2,91, P5
_cTEXL
999 _c1179387
_d1179387